00238nam a22001097a 4500003000400000082001800004100002100022245002100043260004200064300001000106546001200116OSt a595.7bTWE/AT aTweedie, Michael aAtlas of insects aLondonbWilliam Heinemann Ltd. c1974 a128p. aEnglish